000 00864 aa a2200217 4500
005 2012060102012.0
010 _a
020 _c170.00
_a
035 _aB-76625
037 _bpub
082 _a581
100 _aक्षोत्रिय, निरंजन
_948293
245 _aआर.पी.यूनीफाइड वनस्पति विज्ञान /
_cनिरंजन क्षोत्रिय
246 _a
_b
260 _aआगरा
_bरामप्रसाद एंड संस
_c2002-2003
270 _a
_b
_e
300 _aवि.पृ
_c22 सेमी (अजिल्द)
490 _a
_948294
942 _adpl
_cHN
_k
_2ddc
_h581
_mक्षोत्रिय,
999 _c67405
_d67405